Mechanizmus optimalizace hospodářské činnosti podle kritéria efektivnosti

Guardado en:
Detalles Bibliográficos
Autor principal: Mošna, Zdeněk
Autor Corporativo: Vysoká škola ekonomická v Praze
Formato: Libro
Lenguaje:checo
Publicado: Praha Státní nakladatelství technické literatury 1988
Edición:1. vyd.
Etiquetas: Agregar Etiqueta
Sin Etiquetas, Sea el primero en etiquetar este registro!

MARC

LEADER 00000nam a2200000 4500
001 c039607
005 20221219085330.2
041 0 |a cze 
044 |a CZ 
245 1 0 |a Mechanizmus optimalizace hospodářské činnosti podle kritéria efektivnosti  |c Zdeněk Mošna a kol. 
250 |a 1. vyd. 
264 1 |a Praha  |b Státní nakladatelství technické literatury  |c 1988 
300 |a 167 s. 
100 1 |a Mošna, Zdeněk 
710 2 |a Vysoká škola ekonomická v Praze